000 00699cam a22002053a 4500
001 39279
003 PGUSA
005 20140828083855.0
008 120327s2012||||xxu|||||s|||||000 | eng d
040 _aPGUSA
_beng
042 _adc
100 1 _aFlammarion, Camille,
_d1842-1925
245 1 0 _aMysterious Psychic Forces :
_bAn Account of the Author's Investigations in Psychical Research, Together with Those of Other European Savants
_h[electronic resource] /
_cCamille Flammarion
260 _bProject Gutenberg,
_c2012
506 _aPublic domain in the USA.
516 _aElectronic text
830 0 _aProject Gutenberg
_v39279
856 4 0 _uhttp://www.gutenberg.org/ebooks/39279
942 _cEB
999 _c268532
_d268532